[Event "Olympiad Women 2024"]
[Site "Budapest HUN"]
[Date "2024.09.15"]
[Round "5.21"]
[Board "2"]
[White "Wagenschuetz, Evelyn"]
[Black "Karacsonyi, Kata"]
[Result "0-1"]
[WhiteElo "2036"]
[BlackElo "2233"]
[PlyCount "94"]
[EventDate "2024.09.11"]
[WhiteTeam "Ecuador"]
[BlackTeam "Hungary B"]
[WhiteTeamCountry "ECU"]

1. e4 c5 2. Nf3 e6 3. d4 cxd4 4. Nxd4 Nf6 5. Nc3 Nc6 6. Bg5 h6 7. Be3 Bb4 8. Nxc6 bxc6 9. Bd3 d5 10. e5 $146 ({RR} 10. exd5 cxd5 11. Bb5+ Bd7 12. Bxd7+ Qxd7 13. Qd4 Bxc3+ 14. Qxc3 O-O 15. O-O Rfc8 16. Qd3 Qc6 17. c3 Qc4 18. Qxc4 Rxc4 19. Bd4 a6 20. f3 Kf8 21. g4 Ne8 22. b3 Rc6 23. a4 f6 24. f4 Nd6 {½-½ Van Foreest,M (1592)-Kornilov,A (1653) Heusenstamm Sparkassen op-A 2nd 2015 (6)}) ({RR} 10. O-O d4 11. e5 dxc3 12. exf6 cxb2 13. fxg7 bxa1=Q 14. Qxa1 Rg8 15. Bh7 Ke7 16. Rd1 Qe8 17. Bxg8 Qxg8 18. Qd4 Rb8 19. Bxh6 Rb5 20. Bf4 e5 21. Qd8+ Qxd8 22. Rxd8 Bd2 23. h3 Bxf4 24. Rd1 Bg4 {0-1 Kunz,A (2184)-Materia,M (2456) Titled Tue 14th May Early 2024 (2)}) ({RR} 10. exd5 exd5 11. a3 Bd6 12. Qd2 Rb8 13. O-O-O Qe7 14. Rde1 Be6 15. Bf4 O-O 16. g4 d4 17. Ne4 Bxf4 18. Qxf4 Nd5 19. Qd2 Rxb2 20. Kxb2 Rb8+ 21. Kc1 Qxa3+ 22. Kd1 Bxg4+ {0-1 Schulte,S (1948)-Brock,F (2249) Altenkirchen Seniors op 19th 2022 (4)}) 10... d4 11. Bd2 Nd7 12. Ne2 Bxd2+ 13. Qxd2 Nxe5 14. O-O O-O 15. Nxd4 c5 16. Nb5 Ba6 17. a4 Bxb5 18. axb5 c4 19. Qe3 cxd3 20. Qxe5 dxc2 21. Qe2 Qc7 22. Rfc1 Rfc8 23. Ra3 Qc4 24. Kf1 Qf4 25. Rxc2 Qxh2 26. Rh3 Qf4 27. Rhc3 Rd8 28. Rc7 Qh2 29. f3 Qh1+ 30. Kf2 Qh4+ 31. Kf1 Qh1+ 32. Kf2 Qh4+ 33. Kf1 Rab8 34. Rxa7 Qh1+ 35. Kf2 Qh4+ 36. Kf1 Qh1+ 37. Kf2 Qh4+ 38. Kf1 Rxb5 39. Rd2 Qh1+ 40. Kf2 Qh4+ 41. Kf1 Rxd2 42. Qxd2 Qh1+ 43. Kf2 Qb1 44. Qd8+ Kh7 45. Rxf7 Rxb2+ 46. Ke3 Qc1+ 47. Ke4 Re2+ 0-1

[Event "Olympiad Women 2024"]
[Site "Budapest HUN"]
[Date "2024.09.15"]
[Round "5.21"]
[Board "4"]
[White "Guerrero Caicedo, Arlette"]
[Black "Terbe, Zsuzsanna"]
[Result "1/2-1/2"]
[WhiteElo "1868"]
[BlackElo "2168"]
[PlyCount "209"]
[EventDate "2024.09.11"]
[WhiteTeam "Ecuador"]
[BlackTeam "Hungary B"]
[WhiteTeamCountry "ECU"]

1. d4 d5 2. Nf3 Nf6 3. g3 Bf5 4. c4 e6 5. Nc3 c6 6. Nh4 dxc4 7. Nxf5 exf5 8. a4 $146 ({RR} 8. e3 Nbd7 9. Bxc4 Nb6 10. Bb3 g6 11. O-O Bg7 12. f3 O-O 13. e4 Qd7 14. a4 a5 15. Bg5 h6 16. Bxf6 Bxf6 17. e5 Bg7 18. Re1 Rfe8 19. Kg2 Rad8 20. Ne2 Nd5 21. Qd2 Nb4 22. Qc3 g5 {0-1 Gasic Merino,F (2190)-Miranda Camus,J (1726) CHI-ch sf Vina del Mar 2022 (1)}) ({RR} 8. e3 Bd6 9. Bxc4 O-O 10. Qf3 g6 11. h3 h5 12. Bd2 Qe7 13. O-O-O Nbd7 14. Rde1 b5 15. Bb3 b4 16. Ne2 c5 17. Kb1 Qe4+ 18. Qxe4 Nxe4 19. Bc1 Nxf2 20. Rh2 Ne4 21. Rg2 Rac8 22. g4 fxg4 {1-0 Sielecki,C (2403)-Mikhailovsky,V (2215) Titled Tue 9th Apr Early 2024 (2)}) ({RR} 8. e3 Nbd7 9. Bxc4 Nb6 10. Bb3 g6 11. O-O Bg7 12. Qf3 O-O 13. Rd1 Nbd5 14. Bd2 Qd7 15. Rac1 Rad8 16. a3 Rfe8 17. Rc2 h5 18. h4 Qe7 19. Rdc1 Bh6 20. Nxd5 Nxd5 21. Rc5 Nf6 22. Ba5 Qe4 {1-0 Terbe,J (2285)-Koubova,A (2161) Vienna (Women) 2022 (1)}) 8... Bb4 9. Bg2 O-O 10. O-O Nbd7 11. Qc2 g6 12. Rd1 Nb6 13. Bg5 Be7 14. Nb1 a5 15. Na3 Nfd5 16. Bxe7 Qxe7 17. Nxc4 Nxc4 18. Qxc4 Rfd8 19. e3 h5 20. Re1 Kg7 21. e4 fxe4 22. Rxe4 Qb4 23. b3 Rd7 24. Re2 Rad8 25. Bxd5 Rxd5 26. Qxb4 axb4 27. Rd1 Rxd4 28. Rxd4 Rxd4 29. Re7 Rd3 30. Rxb7 Rxb3 31. a5 c5 32. a6 Ra3 33. a7 b3 34. Rxb3 Rxa7 35. Kg2 c4 36. Rc3 Rc7 37. Kf3 Kf6 38. Ke4 Kg5 39. h3 Kf6 40. Kd5 g5 41. Rf3+ Kg6 42. Rc3 Rd7+ 43. Ke4 f5+ 44. Ke3 Re7+ 45. Kd2 Rc7 46. Ke3 h4 47. gxh4 gxh4 48. f4 Re7+ 49. Kf3 Re4 50. Ra3 Kf6 51. Ra6+ Re6 52. Ra8 Rc6 53. Ke2 c3 54. Kd1 c2+ 55. Kc1 Rc4 56. Ra6+ Ke7 57. Rh6 Rxf4 58. Kxc2 Kf7 59. Kd2 Kg7 60. Ra6 Rf3 61. Ke2 Rxh3 62. Kf2 Rg3 63. Rb6 Rg6 64. Rb4 Rg4 65. Rb6 h3 66. Rb3 Rh4 67. Kg1 h2+ 68. Kh1 Kf6 69. Ra3 Kg5 70. Ra5 Rh6 71. Ra8 Kf4 72. Ra4+ Kg5 73. Ra8 Kg4 74. Rg8+ Kf4 75. Ra8 Rh5 76. Ra4+ Kg5 77. Ra8 Kg4 78. Ra4+ f4 79. Rb4 Rh8 80. Ra4 Rh3 81. Ra8 Rb3 82. Rg8+ Kf5 83. Kxh2 Rb2+ 84. Kg1 Ke4 85. Ra8 Re2 86. Kf1 Kf3 87. Ra3+ Re3 88. Ra8 Rb3 89. Kg1 Rb1+ 90. Kh2 Re1 91. Rb8 Kf2 92. Rf8 f3 93. Rb8 Re3 94. Rb1 Re2 95. Ra1 Rd2 96. Rb1 Rc2 97. Ra1 Re2 98. Rb1 Re8 99. Rb2+ Ke3 100. Rb3+ Ke2 101. Rb2+ Kf1 102. Kg3 Re2 103. Rb1+ Re1 104. Rxe1+ Kxe1 105. Kxf3 1/2-1/2

[Event "Olympiad Women 2024"]
[Site "Budapest HUN"]
[Date "2024.09.15"]
[Round "5.22"]
[Board "1"]
[White "Bulmaga, Irina"]
[Black "Sulyok, Eszter"]
[Result "1-0"]
[WhiteElo "2406"]
[BlackElo "2080"]
[PlyCount "67"]
[EventDate "2024.09.11"]
[WhiteTeam "Romania"]
[BlackTeam "Hungary C"]
[WhiteTeamCountry "ROU"]

1. e4 e5 2. Nf3 Nc6 3. Bb5 a6 4. Ba4 Nf6 5. d3 d6 6. c3 Be7 7. O-O O-O 8. Re1 Bg4 9. Nbd2 Nd7 10. h3 Bh5 11. Nf1 b5 ({RR} 11... Bxf3 12. Qxf3 Bg5 13. Ne3 g6 14. g3 Nc5 15. Bc2 h5 16. h4 Bh6 17. b4 Ne6 18. Bb3 Kh7 19. a4 Ne7 20. Bb2 Ng8 21. d4 Bg7 22. Rad1 Qe8 23. Nd5 c6 24. Nb6 Rd8 25. d5 Nc7 26. dxc6 {0-1 Firouzja,A (2728)-Naroditsky,D (2621) Katara Bullet Final blitz 2020 (3.7)}) ({RR} 11... Nb6 12. Bb3 Bf6 13. Ng3 Bg6 14. d4 Re8 15. d5 Ne7 16. Be3 Rc8 17. Rc1 Na8 18. c4 c6 19. Qd2 c5 20. Bc2 b5 21. Bd3 Rb8 22. Rb1 b4 23. a3 a5 24. axb4 axb4 25. Ra1 Qb6 26. b3 {1-0 Wastney,D (1901)-Darbost,F (1615) British Rapidplay 2024 (9.82)}) 12. Bc2 Nb6 $146 ({RR} 12... Kh8 13. Ng3 Bxf3 14. Qxf3 Bg5 15. Nf5 g6 16. Ne3 Nf6 17. g3 Ng8 18. h4 Bh6 19. Kg2 Qf6 20. Qd1 Qg7 21. h5 Nce7 22. d4 Rad8 23. Nd5 Bxc1 24. Rxc1 c5 25. Rh1 exd4 26. h6 Qe5 27. f4 {½-½ Guerrero Rodriguez,A (2072)-Dedijer,S (2036) Olympiad Women-40 2012 (6.3)}) ({RR} 12... Bg6 13. Ng3 Re8 14. d4 Bf6 15. d5 Na5 16. a4 Nb7 17. Qe2 bxa4 18. Bxa4 h5 19. Bc6 Rb8 20. b4 h4 21. Nf1 a5 22. bxa5 Nbc5 23. N3d2 Rf8 24. a6 Nb6 25. a7 {1-0 Aghayev,M (2398)-Usluoglu,S (1772) TUR-chT 2nd League 2017 (1.15)}) ({RR} 12... Bg6 13. Ne3 Nb6 14. a3 Bf6 15. Ng4 Be7 16. Ne3 Bf6 17. Ng4 Be7 18. Ne3 Qd7 19. Nd5 Nxd5 20. exd5 Na7 21. d4 Bxc2 22. Qxc2 exd4 23. Nxd4 Nc8 24. Nf5 Bf6 25. Be3 Nb6 26. Qe4 Rae8 27. Qg4 {1-0 Jankovic,M (1982)-Grguric,Z (2176) CRO Cup 17th 2008 (5)}) 13. Ng3 Bg6 14. Qe2 Qc8 15. a3 Bf6 16. Be3 Rd8 17. Bb3 Na5 18. Ba2 c5 19. b4 Nb7 20. c4 Qc6 21. Nd2 bxc4 22. dxc4 cxb4 23. axb4 a5 24. c5 dxc5 25. bxc5 Nxc5 26. Rac1 Qa4 27. Nc4 Nbd7 28. Bxc5 Nxc5 29. Nb6 Qa3 30. Nxa8 Nd3 31. Ra1 Qc3 32. Red1 Bh4 33. Qe3 Qb2 34. Bc4 1-0

[Event "Olympiad Women 2024"]
[Site "Budapest HUN"]
[Date "2024.09.15"]
[Round "5.22"]
[Board "2"]
[White "Toth, Lili"]
[Black "Sandu, Mihaela"]
[Result "0-1"]
[WhiteElo "2105"]
[BlackElo "2248"]
[PlyCount "52"]
[EventDate "2024.09.11"]
[WhiteTeam "Hungary C"]
[BlackTeam "Romania"]
[BlackTeamCountry "ROU"]

1. e4 e5 2. Nf3 Nc6 3. Bc4 Bc5 4. O-O Nf6 5. d3 d6 6. c3 a6 7. Bb3 Ba7 8. Re1 h6 9. Nbd2 ({RR} 9. Be3 Bxe3 10. Rxe3 O-O 11. Nbd2 d5 12. h3 Be6 13. Nxe5 Nxe5 14. exd5 Neg4 15. hxg4 Bxg4 16. f3 Bf5 17. Qe1 Bg6 18. c4 c6 19. dxc6 bxc6 20. Ne4 Qd4 21. Nxf6+ gxf6 22. Qf2 a5 23. f4 a4 {1-0 Aronian,L (2742)-Shankland,S (2698) ch-USA 2023 Saint Louis USA (10.4)}) 9... Be6 ({RR} 9... g5 10. Nf1 g4 11. N3d2 h5 12. Nc4 Rg8 13. Be3 Bxe3 14. Ncxe3 h4 15. d4 Kf8 16. Nc4 b5 17. Nce3 Bd7 18. a4 Rb8 19. axb5 axb5 20. Bd5 exd4 21. cxd4 Ne7 22. Qc2 Nexd5 23. Nxd5 Nxd5 24. exd5 {1-0 Fedorchuk,S (2554)-Vassallo Barroche,M (2344) Portuguese Top League 2024 (8.8)}) 10. Nf1 Qd7 11. d4 $146 ({RR} 11. Be3 O-O 12. Bxa7 Rxa7 13. a4 a5 14. Qc2 Raa8 15. Rad1 Bg4 16. Qe2 Nh5 17. Qe3 Rae8 18. h3 Be6 19. Bxe6 Qxe6 20. N1d2 Nf4 21. d4 Qg6 22. Nh4 Qg5 23. Ndf3 Nxh3+ 24. Kf1 Qxe3 25. Rxe3 Nf4 {0-1 Wang,W (2319)-Moradiabadi,E (2545) Dulles Cherry Blossom op 2019 (3)}) 11... Bxb3 12. axb3 O-O 13. Ng3 exd4 14. cxd4 Bb6 15. Bxh6 gxh6 16. Nf5 Kh7 17. Qd2 Ng8 18. Ng5+ Kh8 19. Nf3 Qd8 20. e5 dxe5 21. d5 Qf6 22. Ng3 Nd4 23. Nxe5 Nxb3 24. Qc3 Nxa1 25. Nh5 Qxf2+ 26. Kh1 Bd4 0-1

[Event "Olympiad Women 2024"]
[Site "Budapest HUN"]
[Date "2024.09.15"]
[Round "5.23"]
[Board "1"]
[White "Tsolakidou, Stavroula"]
[Black "Corrales Jimenez, Zenia"]
[Result "1/2-1/2"]
[WhiteElo "2444"]
[BlackElo "2170"]
[PlyCount "129"]
[EventDate "2024.09.11"]
[WhiteTeam "Greece"]
[BlackTeam "Mexico"]
[WhiteTeamCountry "GRE"]
[BlackTeamCountry "MEX"]

1. d4 Nf6 2. c4 g6 3. h4 c6 4. Nc3 d5 5. cxd5 cxd5 6. Bf4 Nc6 7. e3 Bg7 8. Be2 h5 9. Nf3 Bg4 $146 ({RR} 9... O-O 10. Qb3 b6 11. Rc1 Bb7 12. O-O Ne4 13. Nxe4 dxe4 14. Ng5 Na5 15. Qa4 Rc8 16. Rxc8 Qxc8 17. b4 Nc6 18. Rc1 Qa8 19. Bb5 Nd8 20. Ba6 Bc6 21. b5 Bd7 22. Rc7 Bf5 23. Qc4 Ne6 24. Bb7 {½-½ Harsha,B (2509)-Rathanvel,V (2438) Mosonmagyarovar White Horse GM 2021 (7)}) ({RR} 9... O-O 10. Ng5 a6 11. O-O e6 12. Rc1 Re8 13. Na4 Bf8 14. Qb3 Bd6 15. Bxd6 Qxd6 16. Rfd1 Nd7 17. Qc3 Rb8 18. Rd2 Nb4 19. b3 Nc6 20. g3 Qa3 21. Qb2 Qd6 22. e4 f6 23. Nxe6 Rxe6 24. exd5 {0-1 Mendonca,L (2567)-Erdogmus,Y (2373) Novi Sad Serbia op-A 2022 (2)}) ({RR} 9... O-O 10. Qb3 Na5 11. Qb4 Bg4 12. O-O Rc8 13. Rfc1 Ne4 14. Nxe4 Rxc1+ 15. Rxc1 dxe4 16. Bc7 Nc6 17. Rxc6 Qd7 18. Rc3 exf3 19. gxf3 Be6 20. Qb5 Qxb5 21. Bxb5 Bxa2 22. Ra3 Bd5 23. e4 Bc6 24. Bxc6 {0-1 Paravyan,D (2647)-Matinian,N (2470) Titled Tuesday intern op 26th Jan blitz 2021 (2)}) 10. Qb3 Na5 11. Qa4+ Bd7 12. Bb5 Nc4 13. Ne5 Nb6 14. Qb3 O-O 15. Nxd7 Nbxd7 16. Nxd5 Nxd5 17. Qxd5 Qa5+ 18. Ke2 e5 19. dxe5 Nxe5 20. Rhd1 Rad8 21. Qb3 Rxd1 22. Rxd1 Rd8 23. Qa4 Qb6 24. Rxd8+ Qxd8 25. Qxa7 Qd5 26. a4 Nc4 27. Bxc4 Qxc4+ 28. Kf3 Qc6+ 29. Kg3 Bxb2 30. Qb8+ Kh7 31. Qc7 Qd5 32. f3 Kg7 33. e4 Qd1 34. Be5+ Bxe5+ 35. Qxe5+ Kg8 36. Qe8+ Kg7 37. Qe5+ Kg8 38. Kh2 Qxa4 39. Qb8+ Kg7 40. Qxb7 Qd4 41. Qe7 Kg8 42. Qg5 Qd6+ 43. e5 Qd4 44. Kg3 Qc4 45. Qd8+ Kg7 46. Qf6+ Kg8 47. Qf4 Qd5 48. Qe3 Qc4 49. Qd2 Kg7 50. Qd6 Kg8 51. Qf6 Qd4 52. Qf4 Qd5 53. Kh2 Kg7 54. g4 hxg4 55. fxg4 Qa2+ 56. Kg3 Qe2 57. h5 Qe1+ 58. Kg2 Qe2+ 59. Kh3 gxh5 60. Qg5+ Kf8 61. gxh5 Qf3+ 62. Kh4 Qh1+ 63. Kg4 Qg2+ 64. Kf4 Qf2+ 65. Ke4 1/2-1/2

[Event "Olympiad Women 2024"]
[Site "Budapest HUN"]
[Date "2024.09.15"]
[Round "5.24"]
[Board "1"]
[White "Efroimski, Marsel"]
[Black "Arakhamia-Grant, Ketevan"]
[Result "1/2-1/2"]
[WhiteElo "2408"]
[BlackElo "2263"]
[PlyCount "103"]
[EventDate "2024.09.11"]
[WhiteTeam "Israel"]
[BlackTeam "Scotland"]
[WhiteTeamCountry "ISR"]
[BlackTeamCountry "SCO"]

1. e4 c5 2. Nf3 Nc6 3. Bb5 d6 4. O-O Bd7 5. Re1 Nf6 6. c3 a6 7. Bf1 e5 8. d4 cxd4 9. cxd4 Bg4 10. d5 Nd4 11. Be3 Nxf3+ 12. gxf3 Bd7 13. a4 Be7 14. Nd2 b5 15. axb5 axb5 16. Qb3 O-O 17. Qb4 $146 ({RR} 17. Rec1 Nh5 18. Rxa8 Qxa8 19. Rc7 Qe8 20. Qa3 f5 21. Qa7 Nf6 22. exf5 Bd8 23. Rb7 Bxf5 24. Rxg7+ Kh8 25. Bh6 Nh5 26. Rg2 Rg8 27. Qb8 Nf4 28. Bxf4 exf4 29. Qxd6 Rxg2+ 30. Kxg2 Qg6+ 31. Qxg6 hxg6 {1-0 Ostrovskiy,A (2388)-Yudasin,L (2464) New York GM-A 2021 (7)}) ({RR} 17. Rxa8 Qxa8 18. Rc1 Qa5 19. Qc3 Qxc3 20. Rxc3 Rb8 21. Rc7 Bd8 22. Ra7 Kf8 23. b4 Bb6 24. Ra6 Bxe3 25. fxe3 Ke7 26. Nb3 Ne8 27. Na5 Nc7 28. Nc6+ Bxc6 29. Rxc6 Rb7 30. f4 exf4 31. exf4 f5 {½-½ Wachinger,N (2432)-Tiviakov,S (2534) 2nd Cambridge Int Open 2024 (3.1)}) 17... Nh5 18. Nb3 f5 19. exf5 Bxf5 20. Rxa8 Qxa8 21. Qxb5 Rb8 22. Ra1 Qb7 23. Qxb7 Rxb7 24. Bc4 Rb4 25. Rc1 Bf6 26. Bd2 Rb8 27. Bc3 Nf4 28. Na5 Nd3 29. Bxd3 Bxd3 30. Nc6 Rb5 31. Ra1 Be2 32. Ra8+ Kf7 33. Ra7+ Kg6 34. f4 Rxd5 35. fxe5 dxe5 36. Ne7+ Bxe7 37. Rxe7 Kf6 38. Rxe5 Rxe5 39. f4 Kf5 40. fxe5 Bc4 41. Kf2 Kf4 42. b4 g5 43. Bb2 h5 44. Bc3 g4 45. Bb2 h4 46. Bc3 Ke4 47. Kg1 Kf4 48. Be1 Kxe5 49. Bxh4 Kd6 50. Kf2 Kc6 51. Kg3 Be6 52. Be7 1/2-1/2

[Event "Olympiad Women 2024"]
[Site "Budapest HUN"]
[Date "2024.09.15"]
[Round "5.24"]
[Board "4"]
[White "Giulian, Rosemary A"]
[Black "Kochavi, Dana"]
[Result "0-1"]
[WhiteElo "1922"]
[BlackElo "2009"]
[PlyCount "90"]
[EventDate "2024.09.11"]
[WhiteTeam "Scotland"]
[BlackTeam "Israel"]
[WhiteTeamCountry "SCO"]
[BlackTeamCountry "ISR"]

1. e4 c5 2. c3 Nf6 3. e5 Nd5 4. Nf3 Nc6 5. d4 cxd4 6. cxd4 d6 7. Bc4 Nb6 8. Bb5 Bd7 9. Nc3 dxe5 10. dxe5 g6 11. O-O Bg7 12. Bf4 ({RR} 12. Qe2 O-O 13. h3 Be6 14. Rd1 Qc7 15. Bf4 Rad8 16. Rac1 Nd5 17. Nxd5 Bxd5 18. Nd4 Qb6 19. Nxc6 bxc6 20. Bc4 Bxc4 21. Qxc4 Rxd1+ 22. Rxd1 Qxb2 23. e6 Qf6 24. Be3 Qxe6 25. Qxe6 fxe6 26. Bxa7 Ra8 {0-1 Erigaisi,A (2710)-Praggnanandhaa,R (2690) FIDE World Cup 2023 (6.2)}) 12... O-O 13. Re1 ({RR} 13. h3 a6 14. Bd3 Be6 15. Be4 Nc4 16. Qe2 Qa5 17. Bxc6 bxc6 18. Nd4 Bd5 19. Rac1 Qb6 20. Nb3 a5 21. Rfd1 a4 22. Nd4 Qxb2 23. Nxc6 Bxc6 24. Qxc4 Qb7 25. Nd5 Bxd5 26. Qxd5 Qb4 27. Rc4 Qb2 {½-½ Vaz,E (2392)-Lazavik,D (2578) Titled Tue 30th Jul Early 2024 (9)}) 13... Be6 $146 ({RR} 13... a6 14. Bf1 Rc8 15. Qd2 Bg4 16. Qe3 Nd7 17. Rad1 Qe8 18. h3 {½-½ Afshar,N (1992)-Alinasab,M (1838) IRI-ch (Women) 2013 (5)}) ({RR} 13... a6 14. Bf1 Bg4 15. h3 Qxd1 16. Raxd1 Bxf3 17. gxf3 Rad8 18. Be3 Na8 19. f4 Rxd1 20. Rxd1 Rd8 21. Rxd8+ Nxd8 22. Bg2 e6 23. Na4 Bf8 24. Nc5 Bxc5 25. Bxc5 Nc6 26. Kf1 Nc7 27. Ke2 Nd5 28. Be3 {1-0 Novik,M (2375)-Golubev,M (2461) Titled Tue 14th Nov Early 2023 (6)}) ({RR} 13... Qc8 14. h3 Rd8 15. Qc1 a6 16. Bf1 Be6 17. Ne4 Bd5 18. Bg3 Nd7 19. Neg5 h6 20. Nxf7 Kxf7 21. e6+ Kg8 22. exd7 Rxd7 23. Qe3 Qf8 24. Rad1 Rad8 25. b3 Qf6 26. Ne5 Nxe5 27. Bxe5 Qxe5 28. Qxe5 {½-½ Skoberne,J (2429)-Kutuzovic,B (2324) SLO-chT1 West 2006 (9)}) 14. Bxc6 bxc6 15. Qc1 Bg4 16. Ng5 h6 17. Nge4 g5 18. Bg3 Nc4 19. Nxg5 hxg5 20. Qxg5 Be6 21. b3 Nb6 22. Bf4 Nd5 23. Rad1 f6 24. exf6 exf6 25. Qg3 Bf5 26. Ne2 Re8 27. Nd4 Rxe1+ 28. Rxe1 Nxf4 29. Qxf4 Bd7 30. h4 Qb8 31. Qc1 Qb4 32. Nf3 Rc8 33. Rd1 Be6 34. Rd4 Qf8 35. Qd2 Bd5 36. Ne1 f5 37. Ra4 Qe7 38. Nc2 Rd8 39. Qf4 Bxb3 40. Ne3 Bxa4 41. Qxa4 f4 42. Nf5 Qe6 43. Nxg7 Kxg7 44. Qxa7+ Rd7 45. Qa5 Qf6 0-1

[Event "Olympiad Women 2024"]
[Site "Budapest HUN"]
[Date "2024.09.15"]
[Round "5.25"]
[Board "2"]
[White "Zvereva, Marija"]
[Black "Li, Yunshan"]
[Result "0-1"]
[WhiteElo "2035"]
[BlackElo "2268"]
[PlyCount "94"]
[EventDate "2024.09.11"]
[WhiteTeam "Monaco"]
[BlackTeam "Canada"]
[WhiteTeamCountry "MNC"]
[BlackTeamCountry "CAN"]

1. e4 c6 2. d4 d5 3. exd5 cxd5 4. Bd3 Nc6 5. c3 Qc7 6. h3 e6 7. Nf3 Bd6 8. Be3 ({RR} 8. O-O Nge7 9. Re1 h6 10. b3 b6 11. Na3 a6 12. Nc2 O-O 13. Ne3 f5 14. c4 Bd7 15. Bb2 Nb4 16. Bf1 a5 17. a3 Nbc6 18. Rc1 Qb7 19. cxd5 exd5 20. Bb5 Rae8 21. Qd3 Bf4 22. Rcd1 Qc7 {1-0 Swiercz,D (2649)-Li,C (2683) PRO League KO Stage rapid 2020 (1)}) 8... Bd7 $146 ({RR} 8... Nf6 9. Nbd2 Bd7 10. Qe2 h6 11. Nb3 b6 12. a4 Rb8 13. Nfd2 Bf4 14. O-O O-O 15. Bxf4 Qxf4 16. Rfe1 Rfe8 17. Nf3 Qc7 18. Ne5 Nxe5 19. dxe5 Nh7 20. Nd4 a5 21. Qh5 f5 22. f4 Rf8 23. Qg6 {1-0 Tropp,F (2079)-Tomcikova,D (1945) SVK-chT2C 2122 2021 (9.4)}) ({RR} 8... Nge7 9. Nbd2 Bd7 10. Qe2 f6 11. g4 O-O-O 12. O-O-O e5 13. dxe5 fxe5 14. Bc2 h6 15. Nb3 b6 16. Kb1 Kb8 17. Nh4 Rhf8 18. Ng6 Nxg6 19. Bxg6 Be6 20. Rhe1 Bg8 21. Bf5 Ne7 22. Bc2 Nc6 23. Ka1 {1-0 Lehtosaari,M (2145)-Almedina Ortiz,E (2157) Titled Tue 30th Jan Early 2024 (9)}) ({RR} 8... Nge7 9. Qc2 h6 10. Nbd2 Nf5 11. g4 Nxe3 12. fxe3 Bg3+ 13. Ke2 e5 14. dxe5 Bxe5 15. Nxe5 Nxe5 16. Nb3 Bd7 17. Nd4 O-O-O 18. Rae1 f6 19. Bf5 h5 20. Qa4 Kb8 21. Bxd7 Rxd7 22. Reg1 Re8 23. gxh5 {0-1 Zubova,M (2159)-Aczel,G (2528) Laszlo Barczay Mem 2023 (2.1)}) ({RR} 8... Nge7 9. Nbd2 O-O 10. O-O f6 11. Qc2 h6 12. Nb3 e5 13. dxe5 fxe5 14. Be2 e4 15. Nfd4 Nxd4 16. Nxd4 a6 17. c4 Nf5 18. Nxf5 Bxf5 19. Rac1 Rac8 20. Qb3 dxc4 21. Bxc4+ Kh8 22. Bxa6 Qa5 23. Rxc8 {1-0 Mirzayev,E (1223)-Heidarsson,M (1532) EU-ch Hybrid U12 2021 (7)}) 9. Nbd2 f5 10. Nb3 Nf6 11. Qc2 Ne4 12. a3 Ne7 13. a4 Ng6 14. a5 a6 15. O-O O-O 16. Rfe1 Nf4 17. Bxf4 Bxf4 18. Ne5 Bb5 19. f3 Bxe5 20. dxe5 Bxd3 21. Qxd3 Nc5 22. Nxc5 Qxc5+ 23. Qd4 Qb5 24. Ra4 Rf7 25. Qb4 Rc7 26. Qxb5 axb5 27. Ra3 Rc6 28. Rd1 Rca6 29. Rd4 Rxa5 30. Rxa5 Rxa5 31. Rb4 Kf7 32. Kf2 Ke7 33. Ke3 Kd7 34. g4 Ra4 35. Rxb5 f4+ 36. Kd3 Kc6 37. Rb3 g5 38. Ke2 b5 39. Kd3 Kc5 40. Ra3 Rxa3 41. bxa3 h6 42. Kc2 Kc4 43. Kb2 d4 44. cxd4 Kxd4 45. Kb3 Ke3 46. Kb4 Kxf3 47. Kxb5 Kg3 0-1

[Event "Olympiad Women 2024"]
[Site "Budapest HUN"]
[Date "2024.09.15"]
[Round "5.25"]
[Board "4"]
[White "Berezovska, Svetlana"]
[Black "Demchenko, Svitlana"]
[Result "1/2-1/2"]
[WhiteElo "1869"]
[BlackElo "2167"]
[PlyCount "140"]
[EventDate "2024.09.11"]
[WhiteTeam "Monaco"]
[BlackTeam "Canada"]
[WhiteTeamCountry "MNC"]
[BlackTeamCountry "CAN"]

1. e4 c5 2. Nf3 Nc6 3. d4 cxd4 4. Nxd4 Qb6 5. Nb3 Nf6 6. Nc3 e6 7. Be3 Qc7 8. a3 a6 9. Be2 b5 10. O-O Be7 11. f4 d6 12. Qe1 Bb7 ({RR} 12... O-O 13. Kh1 Bb7 14. Bd3 Rad8 15. Qg3 Kh8 16. Rae1 b4 17. Na4 Qb8 18. Nb6 bxa3 19. bxa3 d5 20. exd5 Nxd5 21. Nxd5 Rxd5 22. Be4 Rb5 23. Qh3 g6 24. Nd4 Rh5 25. Qf3 Na5 26. Bxb7 Qxb7 27. Qxb7 {½-½ Camacho Collados,M (2404)-Appel,R (2522) POR-chT Torres Vedras 2011 (9.4)}) ({RR} 12... O-O 13. g4 b4 14. axb4 Nxb4 15. Nb5 axb5 16. Rxa8 Nxc2 17. Qc1 Qb7 18. Qxc2 Qxa8 19. Ra1 Qxe4 20. Qxe4 Nxe4 21. Bxb5 g5 22. Ra7 Bf6 23. fxg5 Bxb2 24. Bd3 Nc3 25. h3 Nd5 26. Bd4 Bxd4+ 27. Nxd4 {0-1 Maldonado Gonzales,S (2207)-Valsecchi,A (2487) 54th Italian Teams GpA 2023 (5)}) 13. Qg3 O-O 14. Bd3 $146 ({RR} 14. Rad1 Nd7 15. f5 Kh8 16. fxe6 fxe6 17. Bg4 b4 18. axb4 Nxb4 19. Bxe6 Nxc2 20. Bxd7 Nxe3 21. Qxe3 Qxd7 22. Rxf8+ Rxf8 23. Nc5 Qc8 24. Nxb7 Qxb7 25. Nd5 Bd8 26. Qd4 h6 27. h3 Bf6 28. Nxf6 Rxf6 {½-½ Fridh,A-Burehall,A SWE-ch48 Gothenburg 1964}) ({RR} 14. Nd4 Rfe8 15. Rac1 Nxd4 16. Bxd4 e5 17. Be3 Nxe4 18. Nxe4 Bxe4 19. c4 exf4 20. Rxf4 d5 21. cxd5 Qe5 22. Rxf7 Qxb2 23. Rf8+ Bxf8 24. Bh5 g6 25. Rd1 Bd6 26. Bd4 Qxd4+ 27. Rxd4 Bxg3 28. Bg4 Bd6 {0-1 Batukhtin,A (2114)-Smirnov,P (2575) Izmailov Memorial op 13th 2009 (1)}) ({RR} 14. Kh1 b4 15. axb4 Nxb4 16. Bd3 a5 17. Bd4 a4 18. Nd2 Nh5 19. Qg4 Nf6 20. Qg3 Nh5 21. Qg4 Nf6 22. Qg3 {½-½ Sindarov,J (2474)-Nguyen,D (2441) Asia Nations Cup 2018 (3.3)}) 14... b4 15. Nd1 Rfd8 16. Nf2 Rac8 17. Rae1 bxa3 18. bxa3 e5 19. Ng4 Nxg4 20. Qxg4 exf4 21. Qxf4 Bf6 22. Qg3 Be5 23. Qh4 Qe7 24. Bg5 f6 25. Be3 Re8 26. Rf3 Nd8 27. Rh3 g6 28. Rf1 Ne6 29. Na5 Nf8 30. Nc4 Rc7 31. Nxe5 fxe5 32. Bg5 Qd7 33. Rhf3 Ne6 34. Bh6 d5 35. Qf6 Qe7 36. Qxe5 Ng7 37. Qxe7 Rcxe7 38. exd5 Bxd5 39. Rf6 Be6 40. Bxa6 Nf5 41. Bg5 Rc7 42. g4 Nd4 43. Bh6 Rf7 44. Rxf7 Bxf7 45. c3 Ne2+ 46. Bxe2 Rxe2 47. Rd1 Be6 48. h3 Kf7 49. Bf4 Ra2 50. Bd6 Bb3 51. Rd3 Ke6 52. Rd4 Rc2 53. Bb4 Bd5 54. h4 h6 55. a4 Ke5 56. a5 Bf3 57. a6 Ra2 58. Rd6 Kf4 59. Rxg6 Kg3 60. Bd6+ Kxh4 61. Rxh6+ Kxg4 62. Be5 Be2 63. Rh2 Ra1+ 64. Kf2 Bxa6 65. Ke3 Kf5 66. Rh5+ Ke6 67. Kd4 Rd1+ 68. Ke3 Re1+ 69. Kd4 Rd1+ 70. Ke3 Re1+ 1/2-1/2